000 00527nam a2200193Ia 4500
005 20250508154541.0
008 008 250505s9999 xx 000 0 eng d
037 _aTextual
040 _aFEDL
_beng
_cFEDL
041 _aeng
_2eng
084 _a330, WRI
_qFEDL
100 _aWright F. J.
_9107886
245 0 _aIntroduction to the principles of economics
260 _aOxford
_bPergamon Press Ltd.
_c1965
300 _aix,194p
650 _aEconomics
942 _cTEXL
_h330, WRI
999 _c1350865
_d1350865